LIBRARY & INFORMATION CENTRE, KCAET, TAVANUR

ONLINE PUBLIC ACCESS CATALOGUE (OPAC)

Theory of Machines / (Record no. 1317)

MARC details
000 -LEADER
fixed length control field 00421cam a2200169ua 4500
041 ## - LANGUAGE CODE
Language code of text/sound track or separate title eng
082 ## - DEWEY DECIMAL CLASSIFICATION NUMBER
Classification number 621.801
Item number BEV/TH
100 ## - MAIN ENTRY--AUTHOR NAME
Personal name Bevan, Thomas .
245 ## - TITLE STATEMENT
Title Theory of Machines /
250 ## - EDITION STATEMENT
Edition statement 3 /
260 ## - PUBLICATION, DISTRIBUTION, ETC. (IMPRINT)
Place of publication New Delhi :
Name of publisher C B S Publishers & Distributers ,
Year of publication 1984.
300 ## - PHYSICAL DESCRIPTION
Number of Pages 621 ; .
942 ## - ADDED ENTRY ELEMENTS (KOHA)
Koha item type Books
Holdings
Withdrawn status Lost status Damaged status Home library Current library Date acquired Full call number Accession Number Koha item type Collection code Shelving location Source of acquisition Cost, normal purchase price
      KAUAET KAUAET 20/08/1986 621.801 15467 Books        
      KAUAET KAUAET 07/04/2012 621.801 21796 Books        
      KAUAET KAUAET 21/11/2012 621.801 BEV/TH 23626 Books Non-fiction General Stacks CosmoBooks, Calicut 200.00
      KAUAET KAUAET 21/11/2012 621.801 BEV/TH 23627 Books Non-fiction General Stacks CosmoBooks, Calicut 200.00
      KAUAET KAUAET 24/03/2017 621.801 BEV/TH 25241 Books   General Stacks Calicut Books, Calicut 350.00
      KAUAET KAUAET 24/03/2017 621.801 BEV/TH 25242 Books   General Stacks Calicut Books, Calicut 350.00
      KAUAET KAUAET 24/03/2017 621.801 BEV/TH 25243 Books   General Stacks Calicut Books, Calicut 350.00
free website counter